[Event "10th Amsterdam Science Park"]
[Site "Amsterdam"]
[Date "2022.07.23"]
[Round "6"]
[White "Van der Poel, Henk"]
[Black "Van Delft, Merijn"]
[Result "1/2-1/2"]
[Board "1"]
[WhiteTitle "FM"]
[WhiteElo "2210"]
[WhiteCountry "NED"]
[WhiteFideId "1002449"]
[WhiteEloChange "5"]
[BlackTitle "IM"]
[BlackElo "2383"]
[BlackCountry "NED"]
[BlackFideId "1004670"]
[BlackEloChange "-5"]

1. e4 {[%clk 1:30:55]} c5 {[%clk 1:29:28]} 2. Nc3 {[%clk 1:31:00]} d6 {[%clk
1:29:26]} 3. d4 {[%clk 1:30:58]} cxd4 {[%clk 1:29:36]} 4. Qxd4 {[%clk 1:31:15]}
Nc6 {[%clk 1:29:18]} 5. Bb5 {[%clk 1:30:48]} Bd7 {[%clk 1:29:17]} 6. Bxc6 {[%clk
1:30:57]} Bxc6 {[%clk 1:29:40]} 7. Bg5 {[%clk 1:30:36]} h6 {[%clk 1:25:16]} 8.
Be3 {[%clk 1:30:38]} e5 {[%clk 1:18:06]} 9. Qd3 {[%clk 1:26:16]} Nf6 {[%clk
1:14:24]} 10. O-O-O {[%clk 1:25:32]} Qa5 {[%clk 1:13:09]} 11. Nge2 {[%clk
1:16:07]} Rd8 {[%clk 1:11:06]} 12. Kb1 {[%clk 0:56:44]} g6 {[%clk 0:59:46]} 13.
Nd5 {[%clk 0:47:15]} Nxd5 {[%clk 0:57:26]} 14. exd5 {[%clk 0:47:37]} Bb5 {[%clk
0:55:26]} 15. Qc3 {[%clk 0:45:54]} Qa6 {[%clk 0:52:00]} 16. Ng3 {[%clk 0:44:28]}
Bg7 {[%clk 0:43:23]} 17. f4 {[%clk 0:42:32]} f5 {[%clk 0:33:32]} 18. fxe5 {[%clk
0:39:25]} O-O {[%clk 0:20:36]} 19. Qd2 {[%clk 0:31:50]} dxe5 {[%clk 0:20:05]} 20.
Bxh6 {[%clk 0:30:05]} f4 {[%clk 0:16:18]} 21. Bxg7 {[%clk 0:29:55]} Kxg7 {[%clk
0:16:34]} 22. Ne4 {[%clk 0:28:23]} Bc4 {[%clk 0:16:55]} 23. b3 {[%clk 0:24:39]}
Bxd5 {[%clk 0:15:26]} 24. Qc3 {[%clk 0:21:58]} Qe6 {[%clk 0:14:04]} 25. Nc5
{[%clk 0:18:08]} Qf6 {[%clk 0:12:35]} 26. Rhe1 {[%clk 0:15:09]} Rfe8 {[%clk
0:12:39]} 27. Rd2 {[%clk 0:09:07]} Bc6 {[%clk 0:09:00]} 28. Rxd8 {[%clk 0:05:32]}
Qxd8 {[%clk 0:08:37]} 29. Nd3 {[%clk 0:04:52]} Qf6 {[%clk 0:06:46]} 30. Re2
{[%clk 0:04:48]} e4 {[%clk 0:04:55]} 31. Qxf6+ {[%clk 0:05:08]} Kxf6 {[%clk
0:05:19]} 32. Nxf4 {[%clk 0:05:28]} e3 {[%clk 0:03:40]} 33. Kc1 {[%clk 0:03:48]}
Kf5 {[%clk 0:03:41]} 34. Nd3 {[%clk 0:03:21]} Rh8 {[%clk 0:02:33]} 1/2-1/2

[Event "10th Amsterdam Science Park"]
[Site "Amsterdam"]
[Date "2022.07.23"]
[Round "6"]
[White "Bosboom, Manuel"]
[Black "Bruil, Rembrandt"]
[Result "1/2-1/2"]
[Board "2"]
[WhiteTitle "IM"]
[WhiteElo "2381"]
[WhiteCountry "NED"]
[WhiteFideId "1000080"]
[WhiteEloChange "-5"]
[BlackTitle "CM"]
[BlackElo "2204"]
[BlackCountry "NED"]
[BlackFideId "1053590"]
[BlackEloChange "5"]

1. Nf3 {[%clk 1:30:39]} Nf6 {[%clk 1:30:47]} 2. g3 {[%clk 1:30:33]} d5 {[%clk
1:31:09]} 3. Bg2 {[%clk 1:30:56]} e6 {[%clk 1:31:34]} 4. O-O {[%clk 1:30:15]} Be7
{[%clk 1:31:57]} 5. d3 {[%clk 1:28:54]} c5 {[%clk 1:31:42]} 6. Nbd2 {[%clk
1:24:52]} Nc6 {[%clk 1:31:47]} 7. e4 {[%clk 1:25:11]} b6 {[%clk 1:28:40]} 8. Re1
{[%clk 1:23:30]} Bb7 {[%clk 1:24:02]} 9. c3 {[%clk 1:21:02]} h6 {[%clk 1:21:54]}
10. a3 {[%clk 1:13:11]} O-O {[%clk 1:16:08]} 11. e5 {[%clk 1:12:13]} Nh7 {[%clk
1:13:49]} 12. h4 {[%clk 1:07:39]} b5 {[%clk 1:06:16]} 13. Nh2 {[%clk 1:01:26]} a5
{[%clk 0:58:09]} 14. Ng4 {[%clk 0:41:05]} b4 {[%clk 0:52:23]} 15. Nf1 {[%clk
0:38:00]} Kh8 {[%clk 0:50:59]} 16. Nfh2 {[%clk 0:28:49]} bxc3 {[%clk 0:47:35]}
17. bxc3 {[%clk 0:29:09]} Ba6 {[%clk 0:45:33]} 18. c4 {[%clk 0:24:06]} Rc8 {[%clk
0:42:06]} 19. cxd5 {[%clk 0:21:16]} exd5 {[%clk 0:42:11]} 20. Rb1 {[%clk
0:18:30]} Nd4 {[%clk 0:38:45]} 21. Ne3 {[%clk 0:15:34]} c4 {[%clk 0:36:43]} 22.
dxc4 {[%clk 0:14:15]} dxc4 {[%clk 0:37:00]} 23. Nd5 {[%clk 0:13:40]} Bc5 {[%clk
0:31:30]} 24. Be4 {[%clk 0:08:24]} f5 {[%clk 0:24:06]} 25. Bg2 {[%clk 0:06:00]}
Ne6 {[%clk 0:19:01]} 26. Bd2 {[%clk 0:03:43]} Bd4 {[%clk 0:13:57]} 1/2-1/2

[Event "10th Amsterdam Science Park"]
[Site "Amsterdam"]
[Date "2022.07.23"]
[Round "6"]
[White "Duchene, Rene"]
[Black "Blom, Vincent"]
[Result "0-1"]
[Board "3"]
[WhiteElo "2137"]
[WhiteCountry "NED"]
[WhiteFideId "1006304"]
[WhiteEloChange "-5"]
[BlackTitle "FM"]
[BlackElo "2325"]
[BlackCountry "NED"]
[BlackFideId "1014358"]
[BlackEloChange "5"]

1. Nf3 {[%clk 1:30:55]} c5 {[%clk 1:30:40]} 2. e3 {[%clk 1:31:04]} Nf6 {[%clk
1:28:48]} 3. d4 {[%clk 1:30:45]} cxd4 {[%clk 1:29:10]} 4. exd4 {[%clk 1:31:08]}
d5 {[%clk 1:29:18]} 5. c4 {[%clk 1:31:04]} Be6 {[%clk 1:19:39]} 6. c5 {[%clk
1:30:08]} Nc6 {[%clk 1:16:44]} 7. Nc3 {[%clk 1:29:58]} g6 {[%clk 1:06:39]} 8. Bb5
{[%clk 1:28:38]} Bg7 {[%clk 1:05:37]} 9. O-O {[%clk 1:25:27]} O-O {[%clk
1:01:56]} 10. h3 {[%clk 1:24:42]} Ne4 {[%clk 1:01:24]} 11. Re1 {[%clk 1:16:11]}
Qa5 {[%clk 0:48:50]} 12. Bxc6 {[%clk 1:09:52]} Nxc3 {[%clk 0:47:08]} 13. Qd2
{[%clk 1:01:39]} bxc6 {[%clk 0:44:23]} 14. Qxc3 {[%clk 1:01:51]} Qc7 {[%clk
0:43:05]} 15. Ne5 {[%clk 1:01:05]} f6 {[%clk 0:35:27]} 16. Nxg6 {[%clk 0:54:52]}
hxg6 {[%clk 0:35:48]} 17. Rxe6 {[%clk 0:55:16]} Qd7 {[%clk 0:35:32]} 18. Re2
{[%clk 0:50:09]} e5 {[%clk 0:35:37]} 19. Qg3 {[%clk 0:49:37]} Qf5 {[%clk
0:31:56]} 20. Be3 {[%clk 0:48:17]} Rab8 {[%clk 0:29:09]} 21. Rd1 {[%clk 0:45:48]}
Rfe8 {[%clk 0:27:56]} 22. Qg4 {[%clk 0:44:21]} Qxg4 {[%clk 0:22:54]} 23. hxg4
{[%clk 0:44:44]} exd4 {[%clk 0:22:04]} 24. Rxd4 {[%clk 0:39:53]} f5 {[%clk
0:22:19]} 25. Ra4 {[%clk 0:40:08]} d4 {[%clk 0:22:08]} 26. Bf4 {[%clk 0:40:19]}
Rxe2 {[%clk 0:21:29]} 27. Bxb8 {[%clk 0:40:40]} d3 {[%clk 0:19:06]} 28. Bf4
{[%clk 0:39:02]} d2 {[%clk 0:15:25]} 29. Bxd2 {[%clk 0:39:23]} Rxd2 {[%clk
0:15:49]} 30. gxf5 {[%clk 0:39:44]} gxf5 {[%clk 0:16:01]} 31. b4 {[%clk 0:37:32]}
Bd4 {[%clk 0:12:02]} 32. Rxa7 {[%clk 0:37:49]} Bxf2+ {[%clk 0:11:12]} 33. Kf1
{[%clk 0:37:44]} 0-1

[Event "10th Amsterdam Science Park"]
[Site "Amsterdam"]
[Date "2022.07.23"]
[Round "6"]
[White "Baarslag, Ed"]
[Black "De Winter, Arthur"]
[Result "0-1"]
[Board "4"]
[WhiteElo "2161"]
[WhiteCountry "NED"]
[WhiteFideId "1014285"]
[WhiteEloChange "-10"]
[BlackElo "2150"]
[BlackCountry "NED"]
[BlackFideId "1069020"]
[BlackEloChange "10"]

1. d4 {[%clk 1:30:28]} Nf6 {[%clk 1:30:54]} 2. c4 {[%clk 1:30:18]} g6 {[%clk
1:31:18]} 3. Nc3 {[%clk 1:30:42]} Bg7 {[%clk 1:31:44]} 4. e4 {[%clk 1:31:01]} d6
{[%clk 1:32:11]} 5. Be2 {[%clk 1:30:58]} O-O {[%clk 1:32:34]} 6. Nf3 {[%clk
1:31:19]} e5 {[%clk 1:32:51]} 7. d5 {[%clk 1:31:21]} a5 {[%clk 1:33:18]} 8. Bg5
{[%clk 1:31:24]} h6 {[%clk 1:33:41]} 9. Bh4 {[%clk 1:31:43]} Na6 {[%clk 1:33:35]}
10. Nd2 {[%clk 1:31:23]} Qe8 {[%clk 1:33:03]} 11. O-O {[%clk 1:28:31]} Nh7 {[%clk
1:31:34]} 12. Bg4 {[%clk 1:22:02]} Bxg4 {[%clk 1:28:47]} 13. Qxg4 {[%clk
1:21:40]} f5 {[%clk 1:21:02]} 14. exf5 {[%clk 1:21:33]} g5 {[%clk 1:21:20]} 15.
Bg3 {[%clk 1:14:42]} h5 {[%clk 1:21:34]} 16. Qd1 {[%clk 1:13:03]} h4 {[%clk
1:21:47]} 17. f4 {[%clk 1:12:26]} hxg3 {[%clk 1:21:35]} 18. fxg5 {[%clk 1:12:10]}
Nxg5 {[%clk 1:10:29]} 19. h4 {[%clk 1:09:25]} Nh7 {[%clk 1:04:52]} 20. Nde4
{[%clk 1:06:17]} Nc5 {[%clk 0:58:06]} 21. Nxg3 {[%clk 0:54:29]} Kh8 {[%clk
0:56:59]} 22. Nb5 {[%clk 0:45:29]} Qe7 {[%clk 0:48:44]} 23. Qg4 {[%clk 0:45:12]}
Bf6 {[%clk 0:48:20]} 24. Ne2 {[%clk 0:39:38]} Rg8 {[%clk 0:42:13]} 25. Qh3 {[%clk
0:36:37]} Rg7 {[%clk 0:39:21]} 26. Rf3 {[%clk 0:25:58]} Rag8 {[%clk 0:36:26]} 27.
g3 {[%clk 0:26:06]} Rg4 {[%clk 0:33:14]} 28. Re1 {[%clk 0:24:47]} Qf7 {[%clk
0:32:49]} 29. Kf2 {[%clk 0:22:39]} e4 {[%clk 0:32:34]} 0-1

[Event "10th Amsterdam Science Park"]
[Site "Amsterdam"]
[Date "2022.07.23"]
[Round "6"]
[White "Van der Velde, Henk"]
[Black "Kumar, Prajit Sai"]
[Result "1/2-1/2"]
[Board "5"]
[WhiteElo "2079"]
[WhiteCountry "NED"]
[WhiteFideId "1010301"]
[WhiteEloChange "-1"]
[BlackElo "2040"]
[BlackCountry "NED"]
[BlackFideId "1070207"]
[BlackEloChange "1"]

1. c4 {[%clk 1:30:56]} c6 {[%clk 1:29:46]} 2. g3 {[%clk 1:31:16]} d5 {[%clk
1:30:06]} 3. Nf3 {[%clk 1:31:36]} Nf6 {[%clk 1:30:35]} 4. Bg2 {[%clk 1:31:51]}
Bf5 {[%clk 1:30:59]} 5. Qb3 {[%clk 1:31:36]} Qb6 {[%clk 1:31:03]} 6. d3 {[%clk
1:31:25]} e6 {[%clk 1:29:23]} 7. Be3 {[%clk 1:31:33]} Qxb3 {[%clk 1:29:01]} 8.
axb3 {[%clk 1:31:52]} a6 {[%clk 1:29:19]} 9. Nh4 {[%clk 1:31:09]} Bg6 {[%clk
1:29:40]} 10. Bd4 {[%clk 1:30:45]} Nbd7 {[%clk 1:29:03]} 11. Bc3 {[%clk 1:29:28]}
Bh5 {[%clk 1:27:26]} 12. h3 {[%clk 1:28:16]} h6 {[%clk 1:21:42]} 13. b4 {[%clk
1:06:17]} Rc8 {[%clk 1:15:41]} 14. Nd2 {[%clk 0:57:14]} d4 {[%clk 1:14:53]} 15.
Bxd4 {[%clk 0:57:42]} Bxb4 {[%clk 1:15:05]} 16. g4 {[%clk 0:53:38]} g5 {[%clk
1:14:57]} 17. Nf3 {[%clk 0:53:49]} Bg6 {[%clk 1:15:13]} 18. Ne5 {[%clk 0:51:32]}
Nxe5 {[%clk 1:12:50]} 19. Bxe5 {[%clk 0:52:00]} Ke7 {[%clk 1:10:41]} 20. O-O-O
{[%clk 0:47:35]} Rhg8 {[%clk 1:04:25]} 21. Kc2 {[%clk 0:42:29]} h5 {[%clk
1:01:34]} 22. Bf3 {[%clk 0:40:51]} hxg4 {[%clk 0:55:00]} 23. hxg4 {[%clk
0:41:19]} Nd7 {[%clk 0:54:18]} 24. Bc3 {[%clk 0:38:34]} Bxc3 {[%clk 0:54:30]} 25.
Kxc3 {[%clk 0:39:02]} Ne5 {[%clk 0:53:13]} 26. b4 {[%clk 0:33:58]} f6 {[%clk
0:50:09]} 27. c5 {[%clk 0:32:48]} Rgd8 {[%clk 0:47:24]} 28. Nc4 {[%clk 0:29:29]}
Nxc4 {[%clk 0:47:17]} 29. Kxc4 {[%clk 0:29:57]} e5 {[%clk 0:43:16]} 1/2-1/2

[Event "10th Amsterdam Science Park"]
[Site "Amsterdam"]
[Date "2022.07.23"]
[Round "6"]
[White "De Groote, Ewoud"]
[Black "Duson, Robin"]
[Result "1-0"]
[Board "7"]
[WhiteElo "2245"]
[WhiteCountry "NED"]
[WhiteFideId "1017870"]
[WhiteEloChange "4"]
[BlackElo "2027"]
[BlackCountry "NED"]
[BlackFideId "1055038"]
[BlackEloChange "-4"]

1. e4 {[%clk 1:30:56]} c5 {[%clk 1:30:50]} 2. Nf3 {[%clk 1:31:12]} e6 {[%clk
1:31:14]} 3. d4 {[%clk 1:31:38]} cxd4 {[%clk 1:31:35]} 4. Nxd4 {[%clk 1:32:01]}
Nc6 {[%clk 1:31:50]} 5. Nc3 {[%clk 1:32:20]} Qc7 {[%clk 1:31:55]} 6. g3 {[%clk
1:31:52]} a6 {[%clk 1:31:52]} 7. Bg2 {[%clk 1:32:13]} Nf6 {[%clk 1:31:57]} 8. O-O
{[%clk 1:32:20]} h5 {[%clk 1:31:20]} 9. h3 {[%clk 1:17:41]} Bc5 {[%clk 1:28:20]}
10. Nxc6 {[%clk 1:12:29]} bxc6 {[%clk 1:15:57]} 11. Qf3 {[%clk 1:05:18]} h4
{[%clk 1:11:51]} 12. g4 {[%clk 0:56:13]} Qg3 {[%clk 1:05:07]} 13. Bf4 {[%clk
0:51:45]} Qxf3 {[%clk 1:05:05]} 14. Bxf3 {[%clk 0:52:10]} d5 {[%clk 0:58:34]} 15.
Rfe1 {[%clk 0:38:00]} Kf8 {[%clk 0:54:39]} 16. exd5 {[%clk 0:37:15]} cxd5 {[%clk
0:52:45]} 17. Na4 {[%clk 0:35:37]} Ba7 {[%clk 0:46:20]} 18. c4 {[%clk 0:33:24]}
Bb7 {[%clk 0:44:42]} 19. Rac1 {[%clk 0:30:27]} Ne4 {[%clk 0:39:49]} 20. Bxe4
{[%clk 0:29:01]} dxe4 {[%clk 0:40:10]} 21. c5 {[%clk 0:28:39]} Bc6 {[%clk
0:38:07]} 22. Nb6 {[%clk 0:26:14]} Rd8 {[%clk 0:35:14]} 23. Bc7 {[%clk 0:24:41]}
Rd3 {[%clk 0:34:35]} 24. Bd6+ {[%clk 0:24:47]} Ke8 {[%clk 0:34:16]} 25. Nc8
{[%clk 0:24:08]} Bxc5 {[%clk 0:24:35]} 26. Bxc5 {[%clk 0:23:02]} Rxh3 {[%clk
0:24:54]} 27. Nd6+ {[%clk 0:20:16]} Kd7 {[%clk 0:25:14]} 28. Nxf7 {[%clk
0:20:04]} e3 {[%clk 0:24:39]} 29. Ne5+ {[%clk 0:20:20]} Kc7 {[%clk 0:24:54]} 30.
Nxc6 {[%clk 0:20:13]} 1-0

[Event "10th Amsterdam Science Park"]
[Site "Amsterdam"]
[Date "2022.07.23"]
[Round "6"]
[White "Van Nieuwkerk, Ton"]
[Black "Van Arkel, Rogier"]
[Result "1/2-1/2"]
[Board "8"]
[WhiteElo "2014"]
[WhiteCountry "NED"]
[WhiteFideId "1048031"]
[WhiteEloChange "5"]
[BlackElo "2187"]
[BlackCountry "NED"]
[BlackFideId "1004450"]
[BlackEloChange "-5"]

1. e4 {[%clk 1:30:56]} c5 {[%clk 1:30:13]} 2. c3 {[%clk 1:31:20]} d5 {[%clk
1:28:49]} 3. exd5 {[%clk 1:31:37]} Qxd5 {[%clk 1:29:13]} 4. d4 {[%clk 1:32:03]}
g6 {[%clk 1:29:37]} 5. Nf3 {[%clk 1:30:04]} Bg7 {[%clk 1:29:34]} 6. Be3 {[%clk
1:26:36]} cxd4 {[%clk 1:27:44]} 7. cxd4 {[%clk 1:26:48]} Nh6 {[%clk 1:16:44]} 8.
Nc3 {[%clk 1:25:30]} Qa5 {[%clk 1:16:36]} 9. Bc4 {[%clk 1:17:28]} O-O {[%clk
1:14:33]} 10. O-O {[%clk 1:17:23]} Qc7 {[%clk 0:54:58]} 11. Bb3 {[%clk 1:06:52]}
Nc6 {[%clk 0:53:30]} 12. Rc1 {[%clk 1:02:10]} Bg4 {[%clk 0:50:10]} 13. h3 {[%clk
0:47:47]} Bxf3 {[%clk 0:50:05]} 14. Qxf3 {[%clk 0:48:09]} Nf5 {[%clk 0:50:09]}
15. Ne2 {[%clk 0:38:17]} Qd6 {[%clk 0:41:09]} 16. Rfd1 {[%clk 0:35:11]} Rac8
{[%clk 0:38:25]} 17. Rc3 {[%clk 0:22:44]} Na5 {[%clk 0:27:52]} 18. Rdc1 {[%clk
0:13:16]} Nxb3 {[%clk 0:19:44]} 19. Rxc8 {[%clk 0:11:39]} Nxc1 {[%clk 0:19:31]}
20. Rxc1 {[%clk 0:11:43]} Qb6 {[%clk 0:17:00]} 21. b3 {[%clk 0:11:49]} Rd8 {[%clk
0:15:57]} 22. Qe4 {[%clk 0:08:52]} e5 {[%clk 0:10:14]} 23. dxe5 {[%clk 0:07:35]}
Nxe3 {[%clk 0:10:32]} 24. Qxe3 {[%clk 0:07:16]} Qxe3 {[%clk 0:10:40]} 25. fxe3
{[%clk 0:07:42]} Bxe5 {[%clk 0:09:37]} 26. Rc2 {[%clk 0:06:23]} h5 {[%clk
0:07:30]} 27. Kf2 {[%clk 0:06:36]} f5 {[%clk 0:06:15]} 28. h4 {[%clk 0:04:49]}
Kf7 {[%clk 0:05:45]} 29. Kf3 {[%clk 0:05:09]} Rd1 {[%clk 0:05:19]} 30. g3 {[%clk
0:02:50]} Rh1 {[%clk 0:03:48]} 31. Nf4 {[%clk 0:02:53]} Kf6 {[%clk 0:03:30]} 32.
Nd5+ {[%clk 0:02:49]} Kf7 {[%clk 0:02:24]} 33. Nf4 {[%clk 0:03:18]} Rf1+ {[%clk
0:02:17]} 34. Ke2 {[%clk 0:03:21]} Rh1 {[%clk 0:02:18]} 35. Kf3 {[%clk 0:03:42]}
Rd1 {[%clk 0:02:32]} 36. Ke2 {[%clk 0:03:48]} Rd7 {[%clk 0:02:40]} 37. Kf3 {[%clk
0:04:00]} Bc7 {[%clk 0:02:06]} 38. Ke2 {[%clk 0:02:04]} Bb6 {[%clk 0:02:00]} 39.
Kf3 {[%clk 0:01:32]} Rd1 {[%clk 0:01:20]} 40. Ke2 {[%clk 0:01:00]} Rh1 {[%clk
0:00:44]} 41. Kf3 {[%clk 0:00:34]} Rd1 {[%clk 0:29:51]} 42. Ke2 {[%clk 0:30:36]}
Rd8 {[%clk 0:28:51]} 43. Kf3 {[%clk 0:30:43]} Kf6 {[%clk 0:28:41]} 44. Ke2 {[%clk
0:27:34]} Rd7 {[%clk 0:25:18]} 45. Rd2 {[%clk 0:05:30]} Rd8 {[%clk 0:18:05]}
1/2-1/2

[Event "10th Amsterdam Science Park"]
[Site "Amsterdam"]
[Date "2022.07.23"]
[Round "6"]
[White "Van Baar, Esper"]
[Black "Berrevoets, Jeroen"]
[Result "1-0"]
[Board "9"]
[WhiteTitle "FM"]
[WhiteElo "2281"]
[WhiteCountry "NED"]
[WhiteFideId "1049321"]
[WhiteEloChange "4"]
[BlackElo "2064"]
[BlackCountry "NED"]
[BlackFideId "1070681"]
[BlackEloChange "-4"]

1. e4 {[%clk 1:30:57]} e6 {[%clk 1:30:29]} 2. d4 {[%clk 1:30:47]} d5 {[%clk
1:30:55]} 3. Nd2 {[%clk 1:31:12]} c5 {[%clk 1:31:21]} 4. Ngf3 {[%clk 1:29:58]}
cxd4 {[%clk 1:31:42]} 5. Nxd4 {[%clk 1:30:22]} Nc6 {[%clk 1:32:10]} 6. Bb5 {[%clk
1:30:07]} Bd7 {[%clk 1:32:35]} 7. Nxc6 {[%clk 1:29:37]} bxc6 {[%clk 1:33:02]} 8.
Bd3 {[%clk 1:29:59]} Bd6 {[%clk 1:33:28]} 9. Qe2 {[%clk 1:29:43]} e5 {[%clk
1:29:36]} 10. c4 {[%clk 1:25:49]} d4 {[%clk 1:29:49]} 11. c5 {[%clk 1:26:13]}
Bxc5 {[%clk 1:30:16]} 12. Nc4 {[%clk 1:26:22]} Qe7 {[%clk 1:24:04]} 13. O-O
{[%clk 1:17:58]} Nf6 {[%clk 1:22:55]} 14. a3 {[%clk 1:08:48]} a5 {[%clk 1:17:26]}
15. h3 {[%clk 0:57:05]} O-O {[%clk 1:16:16]} 16. f4 {[%clk 0:50:17]} exf4 {[%clk
1:16:09]} 17. Bxf4 {[%clk 0:50:25]} Nd5 {[%clk 1:11:59]} 18. Qh5 {[%clk 0:38:11]}
Nxf4 {[%clk 1:07:37]} 19. Rxf4 {[%clk 0:37:21]} g6 {[%clk 1:01:07]} 20. Qf3
{[%clk 0:22:19]} Be6 {[%clk 0:54:56]} 21. Rf1 {[%clk 0:15:59]} a4 {[%clk
0:46:29]} 22. Kh1 {[%clk 0:15:41]} Rab8 {[%clk 0:45:14]} 23. Qe2 {[%clk 0:06:52]}
Qc7 {[%clk 0:39:15]} 24. e5 {[%clk 0:05:51]} Bd5 {[%clk 0:36:12]} 25. Rh4 {[%clk
0:03:56]} Qe7 {[%clk 0:31:27]} 26. Rf6 {[%clk 0:04:12]} Rb3 {[%clk 0:26:21]} 27.
Qd2 {[%clk 0:03:44]} h5 {[%clk 0:17:43]} 28. Rxh5 {[%clk 0:03:56]} Rxd3 {[%clk
0:12:41]} 29. Qh6 {[%clk 0:03:08]} Bxg2+ {[%clk 0:11:32]} 30. Kxg2 {[%clk
0:03:05]} 1-0

[Event "10th Amsterdam Science Park"]
[Site "Amsterdam"]
[Date "2022.07.23"]
[Round "6"]
[White "Stolwijk, Colin"]
[Black "Schilstra, Laurens"]
[Result "1-0"]
[Board "10"]
[WhiteElo "2277"]
[WhiteCountry "NED"]
[WhiteFideId "1033743"]
[WhiteEloChange "3"]
[BlackElo "1993"]
[BlackCountry "NED"]
[BlackFideId "1043218"]
[BlackEloChange "-3"]

1. e4 {[%clk 1:30:44]} g6 {[%clk 1:30:53]} 2. d4 {[%clk 1:31:09]} Bg7 {[%clk
1:31:20]} 3. Nf3 {[%clk 1:31:29]} d6 {[%clk 1:31:41]} 4. Be3 {[%clk 1:31:35]} Nf6
{[%clk 1:32:04]} 5. Nc3 {[%clk 1:32:00]} O-O {[%clk 1:30:23]} 6. Qd2 {[%clk
1:32:19]} e5 {[%clk 1:29:40]} 7. dxe5 {[%clk 1:19:25]} dxe5 {[%clk 1:28:10]} 8.
Qxd8 {[%clk 1:19:51]} Rxd8 {[%clk 1:28:34]} 9. Bc4 {[%clk 1:20:13]} Nc6 {[%clk
1:22:06]} 10. O-O {[%clk 0:54:54]} h6 {[%clk 1:18:45]} 11. h3 {[%clk 0:54:24]}
Ne8 {[%clk 1:16:50]} 12. Rad1 {[%clk 0:51:40]} Nd6 {[%clk 1:16:58]} 13. Bd5
{[%clk 0:50:02]} Kh7 {[%clk 1:14:56]} 14. Bxc6 {[%clk 0:47:35]} bxc6 {[%clk
1:15:19]} 15. Nd2 {[%clk 0:47:53]} f5 {[%clk 1:13:25]} 16. f3 {[%clk 0:47:27]} f4
{[%clk 1:10:21]} 17. Bf2 {[%clk 0:47:24]} Be6 {[%clk 1:08:00]} 18. b3 {[%clk
0:46:57]} g5 {[%clk 1:07:48]} 19. Na4 {[%clk 0:43:12]} Bf7 {[%clk 1:05:13]} 20.
Nb1 {[%clk 0:36:56]} h5 {[%clk 1:04:12]} 21. Nc5 {[%clk 0:35:36]} a5 {[%clk
1:00:58]} 22. a4 {[%clk 0:34:13]} Bh8 {[%clk 0:57:01]} 23. Rd3 {[%clk 0:32:04]}
Rg8 {[%clk 0:57:12]} 24. Be1 {[%clk 0:29:55]} g4 {[%clk 0:56:09]} 25. hxg4 {[%clk
0:29:40]} hxg4 {[%clk 0:56:34]} 26. fxg4 {[%clk 0:28:59]} Rxg4 {[%clk 0:56:50]}
27. Rh3+ {[%clk 0:27:47]} Kg8 {[%clk 0:56:56]} 28. Bc3 {[%clk 0:26:24]} Bg7
{[%clk 0:55:13]} 29. Nd2 {[%clk 0:26:00]} Bg6 {[%clk 0:55:17]} 30. Re1 {[%clk
0:23:54]} Nf7 {[%clk 0:46:15]} 31. Nf3 {[%clk 0:22:58]} Nd6 {[%clk 0:35:15]} 32.
Nxe5 {[%clk 0:19:13]} Rg5 {[%clk 0:35:31]} 33. Ned7 {[%clk 0:17:57]} Re8 {[%clk
0:33:57]} 34. e5 {[%clk 0:14:55]} Bxc2 {[%clk 0:27:59]} 35. exd6 {[%clk 0:13:18]}
Rxe1+ {[%clk 0:28:22]} 36. Bxe1 {[%clk 0:13:46]} cxd6 {[%clk 0:28:27]} 37. Ne6
{[%clk 0:12:49]} Rd5 {[%clk 0:26:18]} 38. Nxg7 {[%clk 0:08:59]} Kxg7 {[%clk
0:26:43]} 39. Nb6 {[%clk 0:09:22]} Rg5 {[%clk 0:24:21]} 40. Rf3 {[%clk 0:02:20]}
Rg4 {[%clk 0:21:49]} 41. g3 {[%clk 0:20:11]} fxg3 {[%clk 0:51:42]} 42. Rxg3
{[%clk 0:20:33]} Rxg3+ {[%clk 0:51:19]} 43. Bxg3 {[%clk 0:21:01]} Bxb3 {[%clk
0:51:29]} 44. Bxd6 {[%clk 0:21:00]} Kf6 {[%clk 0:50:25]} 45. Bc5 {[%clk 0:19:09]}
Ke6 {[%clk 0:50:40]} 46. Kf2 {[%clk 0:19:05]} Bxa4 {[%clk 0:51:00]} 47. Nxa4
{[%clk 0:19:28]} Kd5 {[%clk 0:51:26]} 48. Ke3 {[%clk 0:18:09]} Kc4 {[%clk
0:51:52]} 49. Bf8 {[%clk 0:18:05]} c5 {[%clk 0:46:17]} 50. Nxc5 {[%clk 0:17:57]}
Kb5 {[%clk 0:45:35]} 51. Kd3 {[%clk 0:18:02]} a4 {[%clk 0:45:51]} 52. Kc3 {[%clk
0:18:26]} a3 {[%clk 0:46:16]} 53. Kb3 {[%clk 0:18:52]} a2 {[%clk 0:46:36]} 54.
Kxa2 {[%clk 0:19:17]} Kb4 {[%clk 0:46:50]} 55. Kb2 {[%clk 0:19:23]} Kc4 {[%clk
0:47:14]} 56. Kc2 {[%clk 0:19:48]} Kd4 {[%clk 0:47:04]} 57. Kd2 {[%clk 0:20:14]}
Kc4 {[%clk 0:47:18]} 58. Ke3 {[%clk 0:20:09]} Kc3 {[%clk 0:47:11]} 59. Nd3 {[%clk
0:19:37]} Kc4 {[%clk 0:47:20]} 60. Ke4 {[%clk 0:20:05]} Kb5 {[%clk 0:44:29]} 61.
Kd5 {[%clk 0:20:04]} Kb6 {[%clk 0:44:55]} 62. Kc4 {[%clk 0:18:11]} Kc6 {[%clk
0:45:05]} 63. Ne5+ {[%clk 0:17:48]} Kb6 {[%clk 0:45:19]} 64. Bd6 {[%clk 0:17:51]}
Ka6 {[%clk 0:45:33]} 65. Nd7 {[%clk 0:16:09]} Kb7 {[%clk 0:44:26]} 66. Kd5 {[%clk
0:15:39]} Ka7 {[%clk 0:44:34]} 67. Kc6 {[%clk 0:15:34]} Ka8 {[%clk 0:44:58]} 68.
Nb6+ {[%clk 0:15:55]} Ka7 {[%clk 0:45:21]} 69. Be5 {[%clk 0:16:18]} Ka6 {[%clk
0:45:45]} 70. Bb8 {[%clk 0:16:41]} Ka5 {[%clk 0:46:08]} 71. Nd5 {[%clk 0:16:40]}
Ka6 {[%clk 0:46:27]} 72. Nb4+ {[%clk 0:17:00]} Ka5 {[%clk 0:46:50]} 73. Kc5
{[%clk 0:17:25]} Ka4 {[%clk 0:47:07]} 74. Kc4 {[%clk 0:17:45]} Ka5 {[%clk
0:47:17]} 75. Bc7+ {[%clk 0:18:08]} Ka4 {[%clk 0:47:45]} 76. Bb6 {[%clk 0:18:23]}
Ka3 {[%clk 0:48:12]} 77. Nd3 {[%clk 0:18:18]} Ka4 {[%clk 0:48:33]} 78. Nb2+
{[%clk 0:18:40]} Ka3 {[%clk 0:48:57]} 79. Kc3 {[%clk 0:19:06]} Ka2 {[%clk
0:49:23]} 80. Kc2 {[%clk 0:19:05]} Ka3 {[%clk 0:49:48]} 81. Bc5+ {[%clk 0:19:01]}
Ka2 {[%clk 0:50:15]} 82. Nd3 {[%clk 0:19:20]} 1-0

[Event "10th Amsterdam Science Park"]
[Site "Amsterdam"]
[Date "2022.07.24"]
[Round "7"]
[White "Van Delft, Merijn"]
[Black "Blom, Vincent"]
[Result "1/2-1/2"]
[Board "1"]
[WhiteTitle "IM"]
[WhiteElo "2383"]
[WhiteCountry "NED"]
[WhiteFideId "1004670"]
[WhiteEloChange "-2"]
[BlackTitle "FM"]
[BlackElo "2325"]
[BlackCountry "NED"]
[BlackFideId "1014358"]
[BlackEloChange "2"]

1. e4 {[%clk 1:30:51]} Nf6 {[%clk 1:20:19]} 2. e5 {[%clk 1:30:10]} Ng8 {[%clk
1:20:35]} 3. d4 {[%clk 1:29:06]} d6 {[%clk 1:20:56]} 4. Nf3 {[%clk 1:28:45]} dxe5
{[%clk 1:20:26]} 5. Nxe5 {[%clk 1:28:51]} Nd7 {[%clk 1:20:52]} 6. Nf3 {[%clk
1:25:11]} Ngf6 {[%clk 1:20:15]} 7. c4 {[%clk 1:22:55]} e6 {[%clk 1:18:22]} 8. Nc3
{[%clk 1:23:01]} b6 {[%clk 1:10:53]} 9. Be2 {[%clk 1:22:05]} Bb7 {[%clk 1:09:54]}
10. O-O {[%clk 1:21:09]} Be7 {[%clk 0:53:08]} 11. Bf4 {[%clk 1:17:49]} Ne4 {[%clk
0:40:46]} 12. Nxe4 {[%clk 1:15:25]} Bxe4 {[%clk 0:40:11]} 13. Qa4 {[%clk
1:09:51]} O-O {[%clk 0:35:06]} 14. Rfd1 {[%clk 1:07:38]} a6 {[%clk 0:26:18]} 15.
Rac1 {[%clk 1:06:43]} b5 {[%clk 0:20:00]} 16. Qa5 {[%clk 0:57:48]} bxc4 {[%clk
0:17:30]} 17. Bxc7 {[%clk 0:56:52]} Qc8 {[%clk 0:17:48]} 18. Nd2 {[%clk 0:53:32]}
Bc6 {[%clk 0:13:42]} 19. Bf3 {[%clk 0:41:46]} Bxf3 {[%clk 0:13:03]} 20. Nxf3
{[%clk 0:42:03]} Qb7 {[%clk 0:13:05]} 21. Rxc4 {[%clk 0:37:21]} 1/2-1/2